00732nam a2200193 i 450000100060000000300090000600500170001500700030003200800410003510000480007624501280012425000150025226000390026730000220030670000390032885200320036799900170039995201220041674060ES-MaACL20250924063026.0t|040915s1967 sp ||||1| spa d1 aGonzález Casanova, J. A., d1935-914481413aEl régimen político de la televisión / cJosé Antonio González Casanova ; prólogo de Manuel Jiménez de Parga. a[1ª ed.]. aBarcelona : bNova Terra, c[1967] a212 p. ; c17 cm.1 aJiménez de Parga, Manuel.966509 aES-MaACLjC-32684 bR.63529 c74060d74060 00104070aATENEOMbATENEOMcDEPO2d2008-01-17eSCl0oC-32684p1077520r2023-02-23 00:00:00w2023-02-23yMONOGRAFIA